| 000 | 00899nam a22002777a 4500 | ||
|---|---|---|---|
| 008 | 130129s2007 gau frn 001 0 spa u | ||
| 020 | _a9787508400 | ||
| 022 | _a1087-1640 | ||
| 040 |
_cAngélica Rojas _dAldemar Mondragón |
||
| 041 | 0 | 0 | _aspa |
| 060 | _aWE 103 | ||
| 110 | 1 |
_aHuman Kinetics _929171 |
|
| 245 | 1 | 0 |
_aMotor control _c164484 |
| 260 |
_aAtlanta _bHuman Kenetics _c2007 |
||
| 300 | _a254 páginas | ||
| 500 | _aIncluye índice de autores | ||
| 500 | _aThe Official Journal of the International Society of Motor Control | ||
| 505 | _tConference organizers | ||
| 505 | _tProgress in Motor Control VI | ||
| 505 | _tSponsoring organization International Society of Motor Control | ||
| 650 |
_aOrtopedia _926544 |
||
| 650 | 7 |
_aMovimiento _919811 |
|
| 650 | 7 |
_aPostura _922128 |
|
| 650 | 7 |
_aPsicomotricidad _922863 |
|
| 942 |
_cLIBRO _aMedicina _e1 _mM919 _2NLM _hWE 103 _n0 |
||
| 999 |
_c164484 _d164484 |
||